Fantazoo
Αποθηκεύτηκε σε:
| Κύριος συγγραφέας: | |
|---|---|
| Άλλοι συγγραφείς: | |
| Μορφή: | Βιβλίο |
| Γλώσσα: | Greek English |
| Δημοσίευση: |
Διαβατά :
Europress comics,
c2009
|
| Θέματα: | |
| Ετικέτες: |
Προσθήκη ετικέτας
Δεν υπάρχουν, Καταχωρήστε ετικέτα πρώτοι!
|
MARC
| LEADER | 00000cam a2200000 i 4500 | ||
|---|---|---|---|
| 001 | 1/33198 | ||
| 008 | 130723s2009 gre d | ||
| 020 | |a 978-960-99389-0-7 | ||
| 035 | |l 10115048 | ||
| 040 | |a GR-MY-UA |b gre |e aacr | ||
| 041 | 1 | |a gre |h eng | |
| 082 | 0 | |a 741.5973 |2 (22) | |
| 100 | 1 | |a Wilms, Thijs. | |
| 245 | 1 | 0 | |a Fantazoo / |c κείμενα: Thijs Wilms ; σχέδια: Wil Raymakers |
| 260 | |a Διαβατά : |b Europress comics, |c c2009 | ||
| 300 | |a 92 σ.; |b εικ.; |c 24 εκ. | ||
| 650 | 0 | 0 | |a Comic books, strips, etc. |
| 700 | 1 | |a Raymakers, Wil. |4 ill | |
| 852 | |a INST |b SYROS |e 20130919 |h 741.5973 WIL |p 005500010913 |q 005500010913 |t BK |y 0 | ||
| 901 | |a BIBL5-2013-1 | ||
| 909 | |a Ε |b 174413 | ||
| 970 | |a ΚΟΝΤΟΥ |b ΠΑΡΑΣΚΕΥΗ |z 2013/07/22 | ||